Statistics for Countries By Portuguese Ancestry

Click here to take the quiz!

General Stats

  • This quiz has been taken 49 times
  • The average score is 18 of 25

Answer Stats

Total%Answer% Correct
55.000.00027.0%Brazil
100%
180.0000.3%Spain
98%
1.400.0000.4%United States
95%
750.0002.0%Canada
93%
48.0000.1%Argentina
90%
1.800.0002.7%France
90%
250.0000.3%Germany
88%
92.0000.2%Italy
88%
400.0000.5%United Kingdom
86%
60.0000.2%Australia
81%
80.0000.8%Belgium
81%
1.300.0004.5%Venezuela
76%
550.0001.6%Angola
74%
50.0000.1%Mozambique
71%
1.150.0003.4%Peru
69%
430.0005.1%Switzerland
69%
75.000<0.1%India
67%
40.0000.2%Netherlands
67%
150.000<0.1%China
57%
145.00022.0%Luxembourg
57%
450.0000.7%South Africa
57%
25.0000.3%Sweden
52%
22.0004.0%Cape Verde
48%
16.00020.7%Andorra
43%
19.0001.4%East Timor
40%

Score Distribution

Percentile by Number Answered

Percent of People with Each Score

Your Score History

You have not taken this quiz